<?xml version="1.0" encoding="UTF-8"?>
<record
    xmlns:xsi="http://www.w3.org/2001/XMLSchema-instance"
    xsi:schemaLocation="http://www.loc.gov/MARC21/slim http://www.loc.gov/standards/marcxml/schema/MARC21slim.xsd"
    xmlns="http://www.loc.gov/MARC21/slim">

  <leader>02961njm a2200517Ia 4500</leader>
  <controlfield tag="001">23858</controlfield>
  <controlfield tag="003">IT-RoPAU</controlfield>
  <controlfield tag="005">20220918181152.0</controlfield>
  <controlfield tag="008">131025s9999    xx            000 0 und d</controlfield>
  <datafield tag="040" ind1=" " ind2=" ">
    <subfield code="a">IT-RoPAU</subfield>
  </datafield>
  <datafield tag="040" ind1=" " ind2=" ">
    <subfield code="c">IT-RoPAU</subfield>
  </datafield>
  <datafield tag="999" ind1=" " ind2=" ">
    <subfield code="c">102254</subfield>
    <subfield code="d">102254</subfield>
  </datafield>
  <datafield tag="999" ind1=" " ind2=" ">
    <subfield code="b">n.d.</subfield>
  </datafield>
  <datafield tag="100" ind1=" " ind2=" ">
    <subfield code="a">AA.VV.</subfield>
    <subfield code="9">794</subfield>
  </datafield>
  <datafield tag="100" ind1=" " ind2=" ">
    <subfield code="e">Autore musica</subfield>
    <subfield code="9">6690</subfield>
  </datafield>
  <datafield tag="100" ind1=" " ind2=" ">
    <subfield code="g">Codice autore musica SPICS: 12000</subfield>
    <subfield code="9">796</subfield>
  </datafield>
  <datafield tag="245" ind1=" " ind2=" ">
    <subfield code="a">Accordeon in Gold (Mama Zorba's Dance Rosamunda)-Lp 2418 016</subfield>
  </datafield>
  <datafield tag="250" ind1=" " ind2=" ">
    <subfield code="a">1a ed.</subfield>
  </datafield>
  <datafield tag="260" ind1=" " ind2=" ">
    <subfield code="a">ITALIA</subfield>
  </datafield>
  <datafield tag="260" ind1=" " ind2=" ">
    <subfield code="b">POLYDOR</subfield>
    <subfield code="c">1973 [1a Ed.:1973]</subfield>
  </datafield>
  <datafield tag="300" ind1=" " ind2=" ">
    <subfield code="a">DISCO</subfield>
  </datafield>
  <datafield tag="500" ind1=" " ind2=" ">
    <subfield code="a">Musica strumentale di vario genere</subfield>
  </datafield>
  <datafield tag="505" ind1=" " ind2=" ">
    <subfield code="a">Mama - An Jenem Tag (Those Were the Days) - La seine - Leichtensteiner polka - Zorba's Tanz (Zorba's Dance) - Die Fischerin Vom Bodensee - Tanzende Finger - Quando mi innamoro - Rosamunde - Junge, Komm Bald Wieder - Ol&#xE8; guapa - Auf Wiederseh'n</subfield>
  </datafield>
  <datafield tag="511" ind1=" " ind2=" ">
    <subfield code="a">Accordeon Band di Horst Wende</subfield>
  </datafield>
  <datafield tag="650" ind1=" " ind2=" ">
    <subfield code="a">STRUMENTALE [DISCHI]</subfield>
    <subfield code="e">Codice MATERIA SPICS: 9950</subfield>
    <subfield code="9">828</subfield>
  </datafield>
  <datafield tag="700" ind1=" " ind2=" ">
    <subfield code="a">Wende Horst</subfield>
    <subfield code="g">Codice interprete SPICS: 13928</subfield>
    <subfield code="9">6691</subfield>
    <subfield code="e">Interprete</subfield>
  </datafield>
  <datafield tag="700" ind1=" " ind2=" ">
    <subfield code="a">Cherubini Bixio</subfield>
    <subfield code="g">Codice autore musica SPICS: 13442</subfield>
    <subfield code="e">Autore musica</subfield>
    <subfield code="p">Mama</subfield>
    <subfield code="9">6692</subfield>
  </datafield>
  <datafield tag="700" ind1=" " ind2=" ">
    <subfield code="a">Bixio Cesare Andrea</subfield>
    <subfield code="g">Codice autore SPICS: 13441</subfield>
    <subfield code="e">Autore</subfield>
    <subfield code="p">Mama</subfield>
    <subfield code="9">6693</subfield>
  </datafield>
  <datafield tag="700" ind1=" " ind2=" ">
    <subfield code="a">Korn</subfield>
    <subfield code="g">Codice autore musica SPICS: 25580</subfield>
    <subfield code="e">Autore musica</subfield>
    <subfield code="p">An Jenem Tag (Those Were the Days)</subfield>
    <subfield code="9">6694</subfield>
  </datafield>
  <datafield tag="700" ind1=" " ind2=" ">
    <subfield code="a">Raskin Dave</subfield>
    <subfield code="g">Codice autore SPICS: 13976</subfield>
    <subfield code="e">Autore</subfield>
    <subfield code="p">An Jenem Tag (Those Were the Days)</subfield>
    <subfield code="9">6695</subfield>
  </datafield>
  <datafield tag="700" ind1=" " ind2=" ">
    <subfield code="a">Wilke</subfield>
    <subfield code="g">Codice autore musica SPICS: 25581</subfield>
    <subfield code="e">Autore musica</subfield>
    <subfield code="p">La seine</subfield>
    <subfield code="9">6696</subfield>
  </datafield>
  <datafield tag="700" ind1=" " ind2=" ">
    <subfield code="a">Lafarge</subfield>
    <subfield code="g">Codice autore SPICS: 13977</subfield>
    <subfield code="e">Autore</subfield>
    <subfield code="p">La seine</subfield>
    <subfield code="9">6697</subfield>
  </datafield>
  <datafield tag="700" ind1=" " ind2=" ">
    <subfield code="a">Lindt</subfield>
    <subfield code="g">Codice autore musica SPICS: 13979</subfield>
    <subfield code="e">Autore musica</subfield>
    <subfield code="p">Leichtensteiner polka</subfield>
    <subfield code="9">6698</subfield>
  </datafield>
  <datafield tag="700" ind1=" " ind2=" ">
    <subfield code="a">Kotscher</subfield>
    <subfield code="g">Codice autore SPICS: 13978</subfield>
    <subfield code="e">Autore</subfield>
    <subfield code="p">Leichtensteiner polka</subfield>
    <subfield code="9">6699</subfield>
  </datafield>
  <datafield tag="700" ind1=" " ind2=" ">
    <subfield code="a">Theodorakis Mikis</subfield>
    <subfield code="g">Codice autore musica SPICS: 11170</subfield>
    <subfield code="e">Autore musica</subfield>
    <subfield code="p">Zorba's Tanz (Zorba's Dance)</subfield>
    <subfield code="9">6700</subfield>
  </datafield>
  <datafield tag="700" ind1=" " ind2=" ">
    <subfield code="a">Winkler</subfield>
    <subfield code="g">Codice autore musica SPICS: 13980</subfield>
    <subfield code="e">Autore musica</subfield>
    <subfield code="p">Die Fischerin Vom Bodensee</subfield>
    <subfield code="9">6701</subfield>
  </datafield>
  <datafield tag="700" ind1=" " ind2=" ">
    <subfield code="a">Gerlach</subfield>
    <subfield code="g">Codice autore musica SPICS: 13981</subfield>
    <subfield code="e">Autore musica</subfield>
    <subfield code="p">Tanzende Finger</subfield>
    <subfield code="9">6702</subfield>
  </datafield>
  <datafield tag="700" ind1=" " ind2=" ">
    <subfield code="a">Livraghi</subfield>
    <subfield code="g">Codice autore musica SPICS: 14327</subfield>
    <subfield code="e">Autore musica</subfield>
    <subfield code="p">Quando mi innamoro</subfield>
    <subfield code="9">6703</subfield>
  </datafield>
  <datafield tag="700" ind1=" " ind2=" ">
    <subfield code="a">Panzeri Mario</subfield>
    <subfield code="g">Codice autore SPICS: 13372</subfield>
    <subfield code="e">Autore</subfield>
    <subfield code="p">Quando mi innamoro</subfield>
    <subfield code="9">6704</subfield>
  </datafield>
  <datafield tag="700" ind1=" " ind2=" ">
    <subfield code="a">Pace Daniele</subfield>
    <subfield code="g">Codice autore testo/musica SPICS: 13856</subfield>
    <subfield code="e">Autore testo/musica</subfield>
    <subfield code="p">Quando mi innamoro</subfield>
    <subfield code="9">6705</subfield>
  </datafield>
  <datafield tag="700" ind1=" " ind2=" ">
    <subfield code="a">Vejvoda Jaromir</subfield>
    <subfield code="g">Codice autore musica SPICS: 13982</subfield>
    <subfield code="e">Autore musica</subfield>
    <subfield code="p">Rosamunde</subfield>
    <subfield code="9">6706</subfield>
  </datafield>
  <datafield tag="700" ind1=" " ind2=" ">
    <subfield code="a">Rothenburg</subfield>
    <subfield code="g">Codice autore musica SPICS: 13983</subfield>
    <subfield code="e">Autore musica</subfield>
    <subfield code="p">Junge, Komm Bald Wieder</subfield>
    <subfield code="9">6707</subfield>
  </datafield>
  <datafield tag="700" ind1=" " ind2=" ">
    <subfield code="a">Olias</subfield>
    <subfield code="g">Codice autore SPICS: 13984</subfield>
    <subfield code="e">Autore</subfield>
    <subfield code="p">Junge, Komm Bald Wieder</subfield>
    <subfield code="9">6708</subfield>
  </datafield>
  <datafield tag="700" ind1=" " ind2=" ">
    <subfield code="a">Malando A.</subfield>
    <subfield code="g">Codice autore musica SPICS: 13985</subfield>
    <subfield code="e">Autore musica</subfield>
    <subfield code="p">Ol&#xE8; guapa</subfield>
    <subfield code="9">6709</subfield>
  </datafield>
  <datafield tag="700" ind1=" " ind2=" ">
    <subfield code="a">Storch</subfield>
    <subfield code="g">Codice autore musica SPICS: 13986</subfield>
    <subfield code="e">Autore musica</subfield>
    <subfield code="p">Auf Wiederseh'n</subfield>
    <subfield code="9">6710</subfield>
  </datafield>
  <datafield tag="942" ind1=" " ind2=" ">
    <subfield code="c">MD</subfield>
    <subfield code="2">ddc</subfield>
  </datafield>
  <datafield tag="952" ind1=" " ind2=" ">
    <subfield code="0">0</subfield>
    <subfield code="1">0</subfield>
    <subfield code="4">0</subfield>
    <subfield code="6">23858_000000000000000</subfield>
    <subfield code="7">1</subfield>
    <subfield code="a">SPICS</subfield>
    <subfield code="b">SPICS</subfield>
    <subfield code="d">2013-10-25</subfield>
    <subfield code="l">0</subfield>
    <subfield code="o">23858</subfield>
    <subfield code="r">2013-10-25 00:00:00</subfield>
    <subfield code="w">2013-10-25</subfield>
    <subfield code="y">MD</subfield>
    <subfield code="z">Progr. Ins.: 4705 / N.Vol.: 1 / Copie: 1 - Copia rara: n.d. / date import: 01.01.2014 - By Epidotti, Trombetti, Vaglietti</subfield>
  </datafield>
</record>
